Programas de estudios de Educación General Básica: primero a cuarto año
Zapisane w:
| Format: | Książka |
|---|---|
| Język: | hiszpański |
| Wydane: |
Santiago
Ministerio de Educación
1976
|
| Hasła przedmiotowe: | |
| Etykiety: |
Dodaj etykietę
Nie ma etykietki, Dołącz pierwszą etykiete!
|
MARC
| LEADER | 00000nam a2200000 a 4500 | ||
|---|---|---|---|
| 001 | UCY0226 | ||
| 003 | CL-VaPUC | ||
| 008 | 940719e19760000CL |||||||||||||||||spa|d | ||
| 082 | 0 | 4 | |a 372.043 |b MIN |2 21 |
| 245 | 1 | 0 | |a Programas de estudios de Educación General Básica: primero a cuarto año |
| 300 | |a 125 p | ||
| 942 | |c BK | ||
| 945 | |d 19940719 00:00:00 |a rbrito | ||
| 260 | |a Santiago |b Ministerio de Educación |c 1976 | ||
| 650 | 0 | |a Educación básica |9 224933 | |
| 650 | 0 | |a Currículo |9 307290 | |
| 583 | |a last modification |c 19940719 00:00:00 |k Rodrigo Vera | ||
| 999 | |c 229277 |d 229275 | ||
| 952 | |0 0 |1 0 |4 0 |6 372_043000000000000_MIN_1976 |7 0 |8 P |9 230181 |a BIBEDU |b BIBEDU |c BIBEDU_PB |d 2019-11-15 |i 2992345 |o 372.043 MIN 1976 |p 2992345 |r 2024-01-25 |w 2019-11-15 |y BK |k EDU | ||